| 000 | 01140naa a22002897a 4500 | ||
|---|---|---|---|
| 001 | BR8901006 | ||
| 003 | BR-BrBNA | ||
| 005 | 20250721155347.0 | ||
| 007 | ta | ||
| 008 | 250630b bl.|||m| |||| 00| 0 por d | ||
| 040 |
_aBR-BrBNA _bpor _cBiblioteca Nacional de Agricultura |
||
| 041 | _a(Pt) | ||
| 072 |
_aE14; C20; F01 _b0120 _bG514 |
||
| 090 | _aE14 BR8901006 | ||
| 100 | 1 | _aBresolin, M. | |
| 111 | 1 |
_a16. Congresso Nacional de Milho e Sorgo _cBelo Horizonte, MG (Brazil) _d4-8 Aug 1986 |
|
| 245 | 1 | _aA assistencia tecnica e extensao rural em milho no Estado do Rio Grande do Sul - 1985 | |
| 500 | _a16. Congresso Nacional de Milho e Sorgo. Anais Sete Lagoas, MG (Brasil): 1988. p. 618-637 [Summary (Pt); 14 tables] (BR8901006-AMS) | ||
| 773 | 0 |
_t16. Congresso Nacional de Milho e Sorgo. Anais _wE14 BR8901006 _gSete Lagoas, MG (Brasil), 1988. p. 618-637 |
|
| 650 | _aMILHO | ||
| 650 | _aASSISTENCIA TECNICA | ||
| 650 | _aEXTENSAO RURAL | ||
| 650 | _aRIO GRANDE DO SUL | ||
| 490 |
_aDocumentos - Centro Nacional de Pesquisa de Milho e Sorgo (Brazil) _vno. 6 |
||
| 942 |
_cAMS _2AGRIS |
||
| 909 |
_a202506 _bLúcia _c55 _dLúcia Elande |
||
| 999 |
_c336069 _d336069 |
||